[Event "7th RTU Open 2017"]
[Site "Riga"]
[Date "2017.08.07"]
[Round "1"]
[White "Tarasova, Viktoriya"]
[Black "Kovchan, Alexander"]
[Result "0-1"]
[WhiteElo "2235"]
[BlackElo "2587"]
[Annotator "TA"]
[PlyCount "66"]
[EventDate "2017.??.??"]
[EventType "swiss"]
[EventCountry "LAT"]
[SourceTitle "playchess.com"]
[Source "ChessBase"]
[SourceQuality "1"]

{[%evp 24,66,33,8,6,6,4,16,15,17,10,10,23,23,20,0,0,-6,0,-14,-16,-15,-18,-15,-22,-73,-64,-79,-71,-77,-71,-106,-112,-108,-94,-104,-108,-496,-496,-468,-469,-748,-747,-716,-705]} 1. d4 Nf6 2. c4 g6 3. g3 c6 4. Bg2 d5 5. cxd5 cxd5 6. Nf3 Bg7 7. O-O O-O 8. Nc3 e6 9. Bf4 Nc6 10. Ne5 Nd7 11. Nxc6 bxc6 12. Na4 Ba6 13. Rc1 Bb5 {D79: Fianchetto Grünfeld: Symmetrical Variation (6 0-0 c6 7 cxd5 cxd5)} (13... Qa5 14. Re1 Bb5 15. Nc3 Rfc8 16. b3 Qb4 17. Nxb5 Qxb5 18. e4 a5 19. Bd6 Qb6 20. e5 c5 21. dxc5 Nxc5 {½-½ (88) Garcia,J (2395)-Gupta,A (2633) Olongapo City 2015}) 14. Nc3 Qb6 15. Nxb5 Qxb5 {The position is equal.} 16. b3 $146 ({Predecessor:} 16. Qd2 Rfc8 17. Rfd1 c5 18. dxc5 Rxc5 19. Rxc5 Nxc5 20. b3 a5 21. Rc1 {0-1 (59) Szollosi,L (2255)-Schrancz,I (2315) Budapest 1981}) 16... Rfc8 17. Qd2 a5 18. Rc2 a4 19. Rb1 axb3 20. Rxb3 Qa4 21. Rb7 c5 22. dxc5 Nxc5 {[%cal Bd7c5,Bc5a4,Ba4c3][%mdl 32]} 23. Rb4 Qa6 24. Be3 (24. Rb1 $11 {keeps the balance.}) 24... Na4 $17 25. Bd4 {aiming for Rxc8+.} Rxc2 26. Qxc2 Qa5 27. a3 Bxd4 28. Rxd4 Qe1+ 29. Bf1 Nc3 $36 {[%mdl 2048] Black is on the roll.} 30. a4 $2 {[%mdl 8192] [#]} (30. e3 $17 {is a better chance.}) 30... Rb8 $1 $19 {[%cal Rb8b1] Black is clearly winning.} 31. Qd2 Qa1 32. Kg2 (32. Qd3 $142 Nxe2+ 33. Qxe2 Qxd4 34. a5) 32... Rb1 33. Qf4 {[#]} Ne4 $1 {Precision: White = 33%, Black = 90%.} ({Stronger than} 33... Rxf1 34. Qb8+ Kg7 35. Qe5+ f6 36. Qc7+ Kf8 37. Qd8+ Kf7 38. Qd7+ Kf8 39. Qd8+ Kf7 40. Qd7+ Kf8 41. Qd8+ $11) 0-1

[Event "7th RTU Open 2017"]
[Site "Riga"]
[Date "2017.08.07"]
[Round "1"]
[White "Krustkalns, Kristaps"]
[Black "Stocek, Jiri"]
[Result "0-1"]
[WhiteElo "2226"]
[BlackElo "2583"]
[Annotator "TA"]
[PlyCount "70"]
[EventDate "2017.??.??"]
[EventType "swiss"]
[EventCountry "LAT"]
[SourceTitle "playchess.com"]
[Source "ChessBase"]
[SourceQuality "1"]

{[%evp 9,70,11,33,40,29,26,31,29,39,37,33,0,17,17,17,19,13,19,25,46,33,-14,25,-20,-18,-29,-16,-68,-50,-39,40,-31,0,0,50,-19,44,42,82,24,23,16,34,26,31,0,45,-21,-49,-39,-39,-41,-45,-70,-6,-12,-9,-848,-831,-833,-807,-679,-610]} 1. e4 c5 2. Nf3 e6 3. d4 cxd4 4. Nxd4 Nf6 5. Bd3 Bc5 (5... Nc6 $5 {[%cal Rc6d4]} 6. Be3 e5 7. Nxc6 dxc6 $11) 6. Nb3 {Strongly threatening e5. B40: Sicilian: 2...e6, Unusual lines} Be7 7. Nc3 (7. e5 $5 {[%cal Re5f6]} Nd5 8. c4 $14) 7... Nc6 8. f4 {White is slightly better.} d5 $146 ({Predecessor:} 8... d6 9. Qf3 Nb4 10. O-O Nxd3 11. cxd3 O-O 12. d4 Bd7 {1-0 (48) Paljusaj,E (2309)-Katavic,B (2221) Sibenik 2010}) 9. e5 Nd7 10. Qf3 Nc5 11. Nxc5 Bxc5 12. Bd2 Bd7 13. O-O-O Nd4 14. Qg3 g6 15. Ne2 Nc6 16. Qf3 Qb6 17. Kb1 a5 18. c4 (18. g4 $11) 18... Ne7 19. Nc3 {[%cal Rc4d5]} Bd4 (19... Bc6 $15) 20. Qe2 (20. Nb5 $14 Bxb5 21. cxb5) 20... a4 21. a3 Bc5 22. Ka1 (22. cxd5 $14 Nxd5 23. Nb5) 22... Bd4 (22... dxc4 $11 23. Bxc4 Bc6) 23. Be1 Bc6 {[#]} 24. cxd5 (24. Nb5 $1 $16) 24... Nxd5 $11 25. Nxd5 Bxd5 26. Bb4 Bc5 27. Bb5+ Ke7 {[%cal Be8e7,Be7d7,Bd7c6][%mdl 32] Threatens to win with ...Bxb4.} (27... Kf8 $5 {[%cal Rc5b4]}) 28. Qf2 (28. Rxd5 $14 exd5 29. Bxc5+ Qxc5 {[#]} 30. f5 $1 {[%mdl 512]}) 28... Rhc8 $1 29. Rc1 {[%cal Rc1c5]} Qxb5 30. Bxc5+ Kd7 $1 31. Bb4 {Qh4 is the strong threat.} Rc4 (31... Rxc1+ $1 $15 32. Rxc1 Rc8 33. Rxc8 Kxc8) 32. Qh4 {And now Qe7+ would win.} Rxb4 $40 {[%mdl 128] Black attacks.} 33. Qf6 $2 {[%mdl 8192]} (33. axb4 $11 a3 34. b3 Qxb4 35. Qe1 (35. Rhd1 Qxb3 36. Rd2 Rc8 $11) 35... Qxb3 36. Qd2) 33... Rc4 $19 {Black is clearly winning.} 34. Qxf7+ Kc6 $1 35. Qe7 Qc5 {Precision: White = 36%, Black = 39%.} 0-1

[Event "7th RTU Open 2017"]
[Site "Riga"]
[Date "2017.08.07"]
[Round "1"]
[White "Pulkkinen, Kari"]
[Black "Braun, Arik"]
[Result "0-1"]
[WhiteElo "2218"]
[BlackElo "2577"]
[Annotator "TA"]
[PlyCount "86"]
[EventDate "2017.??.??"]
[EventType "swiss"]
[EventCountry "LAT"]
[SourceTitle "playchess.com"]
[Source "ChessBase"]
[SourceQuality "1"]

{[%evp 18,86,24,0,8,0,6,0,0,0,44,51,28,25,117,0,11,0,0,-10,-1,-15,0,-45,-52,-58,-65,-50,-63,-58,-66,-64,-51,-58,-52,-106,-87,-108,-93,-132,-123,-150,-153,-148,-134,-129,-130,-185,-172,-208,-204,-230,-244,-236,-227,-222,-186,-250,-247,-252,-241,-246,-226,-609,-610,-6882,-6494,-5293,-5293,-29990,-29991]} 1. e4 c5 2. Nf3 e6 3. d4 cxd4 4. Nxd4 Nc6 5. Nc3 Qc7 6. Be2 Nf6 7. Be3 Be7 8. O-O O-O 9. f4 d6 10. Qe1 Nxd4 {B83: Sicilian Scheveningen: 6 Be2, lines without ...a6} 11. Bxd4 e5 12. fxe5 dxe5 {The position is equal.} 13. Qg3 Re8 (13... Bc5 14. Bxc5 Qxc5+ 15. Kh1 Kh8 16. Rxf6 gxf6 17. Qh4 Rg8 18. Qxf6+ {½-½ (18) Palac,M (2568)-Saric,I (2654) Zadar 2015}) 14. Kh1 Bd8 $1 15. Be3 {Strongly threatening Bh6.} Be6 (15... Kh8 $1 $11) 16. Rad1 (16. Bh6 $1 $16 {[%csl Gh6][%cal Rg3g7]} g6 17. Bb5) 16... Kh8 $1 $11 {[#]} 17. Bb5 $146 ({Predecessor:} 17. Bg5 Ng8 18. Bc1 Nf6 19. Bg5 {1-0 (40) Chandler,M (2520)-Teplitsky,Y (2453) Bermuda 1999}) 17... Rf8 $1 18. Bd3 a6 19. a4 Be7 20. Bg5 (20. a5 $5) 20... Nh5 21. Qh4 Bxg5 22. Qxh5 Be7 23. Rf3 g6 24. Qh6 Rg8 25. Rdf1 Rg7 26. g4 ({White should play} 26. Nd1 $15) 26... Qd8 27. Qe3 Bg5 28. Qc5 Bf4 ({But not} 28... Bxg4 $6 29. Rxf7 Bf4 30. Rxg7 $11) 29. Rxf4 exf4 30. Rxf4 Rc8 31. Qe5 h6 $36 {[%mdl 2048] Black is really pushing.} 32. Nd5 {[#]} (32. h3 $17 {keeps fighting.}) 32... Qg5 $1 $19 {[%cal Rg5e5]} 33. Qd4 {[#]} Rd8 $1 34. Qf2 Bxd5 ({Weaker is} 34... Bxg4 35. h4 $16) 35. exd5 Qxd5+ 36. Kg1 f5 37. Qh4 (37. h3 $142) 37... Kh7 {...g5 is the strong threat.} 38. Qf2 Re8 39. h4 Kh8 40. h5 $2 (40. Qd4 Qa5 41. Kg2) 40... gxh5 41. Rxf5 Rxg4+ 42. Kh2 Qd6+ 43. Kh3 Reg8 {Precision: White = 28%, Black = 76%.} 0-1

[Event "7th RTU Open 2017"]
[Site "Riga"]
[Date "2017.08.07"]
[Round "1"]
[White "Ratsma, Midas"]
[Black "Alekseenko, Kirill"]
[Result "0-1"]
[WhiteElo "2217"]
[BlackElo "2575"]
[Annotator "TA"]
[PlyCount "82"]
[EventDate "2017.??.??"]
[EventType "swiss"]
[EventCountry "LAT"]
[SourceTitle "playchess.com"]
[Source "ChessBase"]
[SourceQuality "1"]

{[%evp 16,82,0,-8,3,12,9,-18,-23,-18,-8,-15,-11,-17,-13,-26,-24,-23,-9,-14,-18,-29,8,0,0,-28,-17,-17,-17,-22,-21,-25,-15,-30,-31,-64,-64,-77,-46,-39,-47,-40,-35,-87,-91,-181,-185,-203,-189,-244,-230,-191,-185,-328,-316,-440,-422,-441,-422,-531,-514,-725,-526,-977,-983,-5814,-5718,-2657,-2594]} 1. e4 c5 2. Nf3 Nc6 3. c3 Nf6 4. d3 d5 5. Nbd2 e6 6. g3 Be7 7. Bg2 O-O 8. O-O b6 9. Re1 {LiveBook: 6 Games} a5 {C00: French: Unusual White 2nd moves} 10. exd5 exd5 11. Ne5 $146 ({Predecessor:} 11. Nf1 Be6 12. h3 h6 13. Be3 Qd7 14. Kh2 d4 15. cxd4 cxd4 16. Bf4 Rac8 17. a3 {1-0 (36) Petran,P (2342)-Zwettler,M (2218) Austria 2006}) 11... Nxe5 {The position is equal.} 12. Rxe5 Ra7 13. Re1 Bd6 14. Nf1 h6 15. Ne3 Re7 16. d4 Rfe8 17. Bd2 Bc7 18. Qb3 {[%cal Re3d5]} c4 19. Qc2 b5 20. Nf5 Re6 21. Rxe6 Bxe6 22. Re1 Qd7 23. Ne3 Bd6 24. f4 {[#] aiming for f5.} Qc6 25. Nf5 Bf8 26. Nh4 Rb8 {[%cal Be8b8,Bb8b6,Bb6b3][%mdl 32]} 27. f5 Bd7 28. Bf4 Rb6 29. h3 ({White should try} 29. Be5 $15) 29... b4 $17 30. g4 {[#]} (30. Nf3 $17) 30... Qb7 $1 $19 31. cxb4 axb4 ({Don't play} 31... Rxb4 32. Re2 $17) 32. Nf3 (32. b3 $142 c3 33. Bf1) 32... b3 33. axb3 Rxb3 34. Re2 (34. Bc1 {was worth a try.}) 34... Ba4 35. Ne5 Qa7 {Black is clearly winning.} 36. Qc1 Qxd4+ 37. Kh2 Bd6 38. Kh1 Bb5 39. Re1 Ne4 {[%cal Bf6e4,Be4f2,Bf2h3][%mdl 32]} 40. Nf3 Nf2+ 41. Kg1 Nxh3+ {Precision: White = 33%, Black = 72%.} 0-1

[Event "7th RTU Open 2017"]
[Site "Riga"]
[Date "2017.08.07"]
[Round "1"]
[White "Petrov, Dmitri"]
[Black "Brunello, Sabino"]
[Result "0-1"]
[WhiteElo "2215"]
[BlackElo "2566"]
[Annotator "TA"]
[PlyCount "118"]
[EventDate "2017.??.??"]
[EventType "swiss"]
[EventCountry "LAT"]
[SourceTitle "playchess.com"]
[Source "ChessBase"]
[SourceQuality "1"]

{[%evp 23,118,0,9,-43,-5,-20,-13,-31,15,15,20,17,22,18,26,20,12,0,0,0,0,-16,-16,-14,-16,-68,-68,-67,-66,-66,-65,-81,-81,-80,-71,-85,-80,-81,-80,-85,-80,-78,-68,-77,-68,-68,-68,-68,-68,-68,-68,-68,-66,-73,-66,-66,-67,-70,-70,-88,-83,-108,-100,-121,-74,-90,0,-121,-120,-120,-118,-116,-101,-205,-207,-183,-185,-227,-223,-216,-143,-141,-131,-494,-95,-322,-322,-293,-290,-289,-289,-287,-287,-6065,-5949,-5007,-4718]} 1. e4 e5 2. Nf3 Nc6 3. Nc3 Nf6 4. d4 exd4 5. Nxd4 Bb4 6. Nxc6 bxc6 7. Bd3 O-O 8. O-O d5 9. exd5 cxd5 10. h3 {C47: Scotch Four Knights and Four Knights with 4 g3} c6 11. Qf3 h6 (11... Re8 12. Bf4 Qe7 13. a3 Bd6 14. Ne2 c5 15. b3 Be6 16. Bxd6 Qxd6 17. Rad1 Qe7 {1-0 (58) Bacrot,E (2696)-Fressinet,L (2668) Balagna 2017}) 12. Ne2 Re8 {LiveBook: 3 Games} 13. Nd4 (13. Bf4 $11) 13... Bd7 14. Bf4 $146 ({Predecessor:} 14. Nf5 Bf8 15. c4 Ne4 16. cxd5 cxd5 17. Rd1 Qc8 {1-0 (43) Haldorsen,B (2356)-Gandrud,V (2330) Stavanger 2017}) 14... c5 15. c3 Bxc3 (15... Ba5 $5 {[%cal Rc5d4]} 16. Nf5 c4 $15) 16. bxc3 {[#] Hoping for Nf5.} cxd4 17. cxd4 Ne4 18. Rfe1 {[%cal Rd3e4]} Qf6 19. Bxe4 dxe4 20. Rxe4 Bc6 21. Rxe8+ Rxe8 22. Qg3 Qxd4 23. Rc1 Re6 24. Be3 (24. Be5 $11 Qxe5 25. Qxe5 Rxe5 26. Rxc6) 24... Qd5 $1 $36 {[%mdl 2048] And now ...Rg6 would win. White is under pressure.} 25. Qf3 Qxf3 26. gxf3 {[%mdl 4096] Endgame KRB-KRB} a6 27. h4 Bxf3 28. Rc4 Kh7 29. Rb4 Re5 30. Ra4 Be2 31. Kg2 Kg6 32. Kg3 Kh5 33. a3 Re6 34. Ra5+ Kg6 35. Rd5 Re4 36. Rd4 Re5 37. Bd2 Rf5 38. Be3 Rf3+ 39. Kg2 {Threatening Rd2.} Rf6 40. Kg3 Rc6 41. a4 Rc3 42. Rb4 Ra3 43. Rd4 Ra1 44. Bd2 Ra3+ 45. Be3 $1 f6 46. Kg2 Kh5 47. Bc1 Rb3 48. Rd7 (48. Rf4 $17 {is a better defense.}) 48... Bf3+ $19 (48... Kxh4 49. Rxg7 Bf3+ 50. Kh2 $17) 49. Kh2 Rb1 ({But not} 49... Kxh4 50. Rxg7 Bb7 51. Rg3 $17) 50. Kg3 Bc6 ({Resist} 50... Rxc1 51. Kxf3 Rc3+ 52. Ke2) 51. Rd1 Bxa4 52. Rd5+ g5 53. hxg5 $2 {[%mdl 8192]} (53. Rc5 $17) 53... hxg5 $2 (53... Rxc1 $19 {and Black stays clearly on top.} 54. gxf6+ Kg6) 54. Bd2 $2 (54. Rc5 $17) 54... Bc6 55. Rc5 Rg1+ 56. Kh3 Bf3 57. Be3 Kg6 58. Ra5 $2 (58. Rc1 Rg4 59. Kh2) 58... g4+ {[%cal Bg5g4,Bg4g3][%mdl 32]} 59. Kh4 {[#]} g3 $1 {Precision: White = 34%, Black = 65%.} 0-1

[Event "7th RTU Open 2017"]
[Site "Riga"]
[Date "2017.08.07"]
[Round "1"]
[White "Gireman, Ja"]
[Black "Kunin, Vitaly"]
[Result "0-1"]
[WhiteElo "2208"]
[BlackElo "2551"]
[Annotator "TA"]
[PlyCount "164"]
[EventDate "2017.??.??"]
[EventType "swiss"]
[EventCountry "LAT"]
[SourceTitle "playchess.com"]
[Source "ChessBase"]
[SourceQuality "1"]

{[%evp 17,164,-33,-26,-27,-11,-35,-22,-34,-42,-87,-58,-149,-137,-139,-102,-87,-93,-118,-108,-122,-106,-126,-10,-27,-16,-18,-19,-31,-3,-6,-1,-7,-1,-1,-1,-1,-1,-3,0,0,0,0,0,-2,-2,-5,-8,-19,-22,-34,-29,-37,-29,-33,-29,-29,-30,-30,-22,-22,-22,-34,-23,-52,-52,-52,-52,-65,-61,-61,-61,-95,-52,-65,-27,-52,-24,-58,-37,-52,-54,-100,-95,-101,-97,-142,-142,-139,-95,-95,0,-135,-88,-83,-77,-78,-68,-131,-131,-124,-71,-71,-76,-80,-80,-73,-75,-76,-60,-75,-71,-100,-100,-100,-100,-100,-100,-100,-100,-100,-100,-106,-100,-100,-108,-108,-100,-156,-145,-1707,-1543,-2121,-1827,-1746,-1600,-2620,-2006,-1657,-1522,-12837,-12838,-12838,-12839,-12842,-12843,-12845,-12844,-29988,-29989]} 1. e4 d6 2. d4 Nf6 3. Nc3 e5 4. Nf3 Nbd7 5. g4 (5. Bc4 Be7 6. O-O O-O 7. a4 a5 8. Re1 c6 9. Ba2 Re8 10. h3 Bf8 11. Be3 h6 12. Nh4 exd4 13. Bxd4 Nc5 14. Bxc5 dxc5 15. e5 Qxd1 16. Raxd1 Nh5 17. Ng6 Be6 18. Nxf8 Kxf8 19. Bxe6 Rxe6 {1-0 (38) Vachier Lagrave,M (2783)-Ivanchuk,V (2757) Leuven 2017}) 5... Nxg4 6. Rg1 {C41: Philidor Defence} Ngf6 7. dxe5 dxe5 8. Bc4 h6 9. Be3 c6 {LiveBook: 54 Games} 10. a4 $146 ({Predecessor:} 10. Qe2 b5 11. Bb3 Qa5 12. O-O-O Ba6 {½-½ (24) Dobrowolski,P (2421)-Butkiewicz,L (2460) Teplice 2017}) 10... Qc7 11. Qe2 Nb6 12. Bb3 $1 Bg4 13. O-O-O Bh5 14. Bxb6 (14. Rg3 $15) 14... axb6 $17 ({Don't do} 14... Qxb6 15. Kb1 $17) 15. Qc4 Bd6 ({Avoid the trap} 15... Bxf3 $2 16. Nb5 $1 $18 {[%mdl 512]}) 16. Rxg7 O-O-O 17. Rd3 Rhg8 18. Rxg8 Rxg8 19. Kb1 Kb8 (19... Rg2 $17 20. h3 Rxf2) 20. Nh4 $1 $11 Bc5 21. f3 Ne8 {And now ...Nd6 would win.} 22. Nf5 Nd6 23. Nxd6 Bxd6 24. Ne2 $1 Rg2 25. Ng3 Rxh2 26. Nxh5 Rxh5 27. Rd1 Bc5 28. Qxf7 Qxf7 29. Bxf7 {[%mdl 4096] Endgame KRB-KRB} Rh3 30. Be6 Rxf3 31. Bf5 Be7 32. Rh1 (32. Rd7 $5 {[%cal Rd7e7]} Bg5 33. Rh7 $11) 32... Bg5 33. Bg4 Rf7 (33... Re3 {keeps more tension.} 34. Bf5 Re2 35. c3 Ka7 36. Rd1 Bd2) 34. Bf5 Rg7 35. Rd1 Kc7 36. c3 Bf4 37. Be6 b5 38. axb5 cxb5 39. Bf5 Kc6 40. Be6 h5 41. Bf5 h4 42. Rd3 Rg1+ (42... b4 $5 43. Kc2 Rg2+ 44. Kb3 bxc3 45. Rxc3+ Kb5 46. Bd7+ Ka5 47. Rc5+ Ka6 $17) 43. Kc2 Rg2+ 44. Kb1 Rg7 45. Rd1 Bg3 46. Kc2 Bf2 47. Rd3 Bc5 (47... b4 $5) 48. Rd2 b4 49. cxb4 Bxb4 50. Rh2 Be1 51. Re2 {[#]} Rg1 $1 52. Re3 Rg2+ 53. Kb1 Rg1 54. Kc2 b6 55. Rd3 Bf2 56. Bd7+ Kc7 57. Bh3 ({Better is} 57. b4 $15) 57... Bd4 $17 58. b3 Re1 (58... Kc6 $142 59. Rd1 Rg3) 59. Bf5 Ra1 60. Rh3 Bf2 61. Rd3 Ra2+ 62. Kd1 Ra8 63. Rd7+ Kc6 64. Rd3 Bd4 65. Rh3 Rh8 66. Ke2 Kc5 67. Be6 Kb4 68. Bd5 Bc5 69. Be6 Be7 70. Bd5 Bg5 71. Kf3 Bf4 72. Ke2 (72. Kg4 $142) 72... Bg3 73. Rh1 $2 {[%mdl 8192] [#]} (73. Be6 $17) 73... h3 $1 $19 {[%cal Bh4h3,Bh3h2][%mdl 32]} 74. Be6 h2 75. Kf1 Rh6 76. Bd5 Bf4 77. Kg2 Rg6+ 78. Kf1 Kc3 79. Bf7 Rg7 80. Be6 Kd3 81. Bd5 Ke3 82. b4 Kf3 {Precision: White = 47%, Black = 57%.} 0-1

[Event "7th RTU Open 2017"]
[Site "Riga"]
[Date "2017.08.07"]
[Round "1"]
[White "Gueci, Tea"]
[Black "Sanal, Vahap"]
[Result "0-1"]
[WhiteElo "2200"]
[BlackElo "2539"]
[Annotator "TA"]
[PlyCount "142"]
[EventDate "2017.??.??"]
[EventType "swiss"]
[EventCountry "LAT"]
[SourceTitle "playchess.com"]
[Source "ChessBase"]
[SourceQuality "1"]

{[%evp 23,142,23,61,54,66,64,88,56,65,57,60,58,60,53,51,56,121,71,131,146,124,100,128,57,136,121,187,192,176,57,105,85,106,115,155,47,107,119,116,104,145,53,37,-76,-76,-76,-76,-76,-72,-89,-76,-61,-63,-81,-90,-121,-90,-90,-90,-90,-90,-141,-25,-90,-11,-69,-69,-73,-62,-71,-69,-90,-90,-90,-90,-90,-90,-90,-90,-90,-90,-83,-76,-82,-76,-129,-102,-102,-102,-139,-128,-198,-203,-242,-102,-102,-102,-102,-102,-102,-102,-127,0,-185,-135,-188,-95,-110,-102,-106,-62,-88,-71,-64,-65,-78,-66,-336,-343,-29978,-29956]} 1. e4 e5 2. Nf3 Nc6 3. Bb5 a6 4. Ba4 Nf6 5. Qe2 b5 6. Bb3 Be7 7. c3 O-O 8. O-O d6 9. Rd1 Na5 10. Bc2 c5 11. d4 Qc7 12. d5 c4 13. b4 {C86: Closed Ruy Lopez: Worrall Attack} (13. h3 Re8 14. Nbd2 Bf8 15. Nf1 g6 16. Bd2 Nb7 17. b4 cxb3 18. axb3 Nc5 19. b4 Ncd7 20. Bd3 Nb6 {1-0 (46) Barbosa,E (2496)-Bachmann,A (2628) Florianopolis 2017}) 13... cxb3 14. axb3 Nb7 15. Bd2 {[%cal Bc1d2,Bd2c3,Bc3b4][%mdl 32] White is better.} Bd7 16. Na3 Nc5 $146 ({Predecessor:} 16... Rfb8 17. b4 Be8 18. Bd3 Nd7 19. c4 bxc4 20. Nxc4 a5 21. bxa5 {1-0 (48) Tabatabaei,M (2200)-Pooreraghian,M (2076) Tabriz 2013}) 17. b4 Na4 18. Bxa4 bxa4 19. c4 g6 (19... Rfc8 $14) 20. Bc3 a5 (20... Bg4 $142) 21. bxa5 $16 Rfb8 22. Rdb1 Qc5 23. Nc2 (23. Ne1 $16) 23... Rc8 (23... Bd8 $14) 24. Nd2 Bd8 (24... Rxa5 $16 25. Bxa5 Qxa5) 25. Bb4 $18 Qc7 26. Ne1 (26. Na3 $18) 26... Be8 27. Nd3 Qe7 28. a6 Qc7 29. Rc1 (29. c5 $16) 29... Rxa6 (29... Qb6 $1 $14) 30. c5 $16 Bb5 31. Qf3 Qb8 32. cxd6 (32. c6 $16) 32... Rxc1+ 33. Rxc1 (33. Nxc1 $14 {is the one way to stay ahead.} Nd7 34. Na2) 33... Bxd3 $1 $17 34. Qxd3 Qxb4 35. Qxa6 {Threatens to win with Nc4.} Qxd2 36. Rf1 Qb4 ({Don't play} 36... Nxe4 $6 37. Qxa4 Nf6 38. Qa8 $11) 37. Qa8 Qxd6 {Hoping for ...a3.} 38. Qxa4 Bb6 39. h3 Qc5 40. Kh2 Kg7 41. f3 h5 42. Qa1 (42. h4 $142) 42... Ba5 (42... h4 $1 $17 43. Qe1 Qd4) 43. Qc1 (43. Kh1 $11) 43... Qa7 (43... Qb5 $17) 44. h4 (44. Qa1 $11) 44... Bb6 $15 45. Qa1 Qd7 46. Qa6 Be3 47. g3 Qc7 48. Qe2 Bd4 49. Qd2 Qb6 50. Qc2 Nd7 51. Rb1 Qa6 52. Rd1 Nb6 53. Qd3 Qa4 54. Qe2 (54. Rc1 $142) 54... Nc4 $17 55. Rc1 Ne3 56. Rb1 Qa3 57. Qd2 Qa6 58. Kh3 Qc8+ (58... Qf6 $1 $19 {[%cal Rf6f3] is more deadly.} 59. Qe2 Nxd5 $1 {[%mdl 512]}) 59. Kh2 Qc4 60. Kh3 Qa6 61. Re1 Qa7 62. Qd3 Qc5 {[#]} ({Black should try} 62... Qa2 $17 {[%csl Ge3][%cal Ra2g2]} 63. Qe2 (63. Rxe3 $2 Qf2 $19) 63... Qa3) 63. Qe2 $2 (63. d6 $1 $11 {[%mdl 512] and White stays safe.}) 63... Qc3 64. Rb1 (64. Kh2 $17) 64... Nc4 ({Black should play} 64... Qc8+ $19 65. Kh2 f5 66. exf5 gxf5) 65. Rd1 Nb2 66. Rb1 Qa3 67. Rc1 Na4 $36 {[%mdl 2048] Black is on the roll.} 68. Rf1 Nc3 69. Qc2 Nb5 70. Rb1 $2 {[%mdl 8192]} ({Better is} 70. Qe2 $15 Nd6 71. Kh2) 70... Qxf3 $19 {White must now prevent ...Bf2.} 71. Rxb5 $2 (71. Qd1 $19 Qxd1 72. Rxd1) 71... Bf2 {Precision: White = 38%, Black = 52%.} 0-1

[Event "7th RTU Open 2017"]
[Site "Riga"]
[Date "2017.08.07"]
[Round "1"]
[White "Ivanova, Karina"]
[Black "Zakhartsov, Viacheslav V"]
[Result "0-1"]
[WhiteElo "2197"]
[BlackElo "2539"]
[Annotator "TA"]
[PlyCount "70"]
[EventDate "2017.??.??"]
[EventType "swiss"]
[EventCountry "LAT"]
[SourceTitle "playchess.com"]
[Source "ChessBase"]
[SourceQuality "1"]

{[%evp 17,70,19,28,-7,0,0,9,-30,-22,-30,-27,-34,-16,-14,-10,-8,-12,-1,0,0,0,0,0,0,0,0,10,-17,0,0,22,-21,-20,-14,-24,-35,-17,-22,-20,-102,-45,-46,-35,-41,-20,-35,-24,-360,-318,-241,-238,-6387,-6905,-29983,-29984]} 1. d4 Nf6 2. Nf3 c5 3. d5 g6 4. Nc3 Bg7 5. e4 O-O 6. Be2 b5 7. e5 Ng4 {A43: Schmid Benoni} 8. Nxb5 Nxe5 9. Nxe5 Bxe5 {LiveBook: 4 Games. The position is equal.} 10. f4 $146 ({Predecessor:} 10. O-O d6 11. Na3 Ba6 12. Bxa6 Nxa6 13. Nc4 Bg7 14. Re1 Re8 15. Bg5 {½-½ (37) Torre,E (2494)-Yermolinsky,A (2478) Tekirdag 2016}) 10... Bg7 11. d6 Nc6 (11... a6 {feels hotter.} 12. Na3 exd6 13. c3 Bb7 14. O-O Bc6) 12. O-O Nd4 13. Nxd4 Bxd4+ 14. Kh1 Bb7 15. c3 Bg7 16. Be3 exd6 17. Qxd6 Re8 18. Bf3 Bxf3 19. Rxf3 Qb6 20. Qd2 {[#]} d5 $1 {[%mdl 512]} 21. f5 (21. Qxd5 Qxb2) 21... Qd6 22. fxg6 hxg6 23. Raf1 f5 24. Bh6 (24. Bf4 $5 {[%cal Rf4d6]} Qe6 25. Bh6 $11) 24... Re4 25. Bxg7 Kxg7 26. Rh3 {Hoping for Qh6+.} Rh8 27. Rxh8 Kxh8 $40 {[%mdl 4224] Endgame KQR-KQR. Black attacks.} 28. Qg5 (28. Kg1 $11) 28... Kg7 ({Black should try} 28... d4 $17 {...d3 is the strong threat.} 29. Kg1 d3) 29. Kg1 $15 Qe5 30. h4 d4 {Threatens to win with ...Rg4.} 31. h5 $1 Rg4 32. h6+ $2 {[%mdl 8192]} (32. Qd8 $11 {and White stays safe.}) 32... Kh7 $19 33. Qd2 Rh4 34. Rf3 $2 {[#]} (34. Kf2) 34... Qh2+ $1 35. Kf2 Rg4 {Precision: White = 34%, Black = 59%.} 0-1